Estadísticas para Días de la semana en inglés

Haz click aquí para intentar la prueba.

Estadísticas generales

  • Esta prueba ha sido intentada 469 veces
  • La puntuación promedio es 7 de 7

Estadísticas de respuestas

Día% Correcto
Monday
100%
Sunday
98%
Friday
97%
Saturday
97%
Thursday
94%
Tuesday
94%
Wednesday
92%

Distribución de puntuación

Porcentaje por número respondido

Porcentaje de gente con cada puntuación

Historial de tus puntuaciones

No has intentado esta prueba.